000 01186cab a22001935a 4500
001 L146639
008 090210e20090206xxkd f s 000 0 eng d
035 _a(Sirsi) u146639
041 0 _aeng
100 1 _aFarmer, Mark
245 0 0 _aThis year's models
260 _c2009
490 _aProperty Week
_v75(6) 6 February 2009, 39(1)
520 _aArticle looks at investment in UK residential property and sees a move away from capital values to rental values as property values continue to fall. Suggests that equity funding is moving to replace the shrinking buy to let sector, as lower prices mean that it is now possible to attain 10%+ gross rental yields. The author states that houses and larger properties are currently in demand among renters and that this, coupled with lower land prices may help create opportunities for investors. These opportunities are predicted to be at the expense of other investors who bought into a speculation-driven market without proper regard for the fundamentals of managing their portfolios. Features tables and statistics.
590 _aKA
651 4 _aUnited Kingdom
_y
690 _aPROPERTY-PROPERTY FINANCE AND INVESTMENT
942 _n0
999 _c81216
_d81216